| 000 | 00441nam a2200157Ia 4500 | ||
|---|---|---|---|
| 008 | 230917s9999||||xx |||||||||||||| ||und|| | ||
| 020 | _cRS95 | ||
| 040 |
_e20019 _aMAIN |
||
| 041 | _aEnglish | ||
| 082 | _a301.52 M692P | ||
| 100 | _aMitra, Asok | ||
| 245 | 0 | _aPopulation, food and land inequality in India 1971: A geography of hunger and insecurity | |
| 260 |
_aBombay _bAllied Publishers _c1980 |
||
| 300 | _axvii, 112 p. | ||
| 942 | _cBK | ||
| 999 |
_c229828 _d229828 |
||